| 000 | 00796nam a22002297a 4500 | ||
|---|---|---|---|
| 999 |
_c14893 _d14893 |
||
| 003 | AR-CdUCM | ||
| 008 | 190425b ||||| |||| 00| 0 spa d | ||
| 020 | _a978-970-718-554-8 | ||
| 040 |
_aMUNICIPALIDAD PROVINCIAL DEL CUSCO _cBIBLIOTECA MUNICIPAL DEL CUSCO |
||
| 082 |
_aPi / 808.06 / _bS54 |
||
| 110 |
_aDisney _933330 |
||
| 245 | _aColección princesas / | ||
| 260 |
_aMéxico : _bSilver Dolphin, _c2013. |
||
| 300 |
_a301 páginas ; _bIlustraciones, _c24 cm. |
||
| 440 |
_aUn tesoro de cuentos _933241 |
||
| 505 | _aContenido: La sirenita -- Blanca nieves y los siete enanos -- La bella y la bestia -- Cenicienta -- Mulán... | ||
| 650 |
_aLiteratura infantil _9588 |
||
| 650 |
_aPrincesas disney _933854 |
||
| 650 |
_aCuentos _9217 |
||
| 942 |
_2ddc _cLIBROS |
||
| 945 |
_adavv _d25/04/2019 |
||